000 00830cam a2200313 4500
001 J61325
008 000000n2000 000 0 eng u
035 _a(Sirsi) u105926
041 _aeng
050 _a333.337
110 _aLambert Smith Hampton
_92865
245 _aM4 Corridor : office market review
260 _aSlough
_bLambert Smith Hampton
_c2000
300 _a15p. ; 30cm.
350 _a50.00
650 _aBRACKNELL
650 _aBRISTOL
650 _aHAMMERSMITH
650 _aHEATHROW
650 _aM4 CORRIDOR
650 _aMAIDENHEAD
650 _aPROPERTY-COMMERCIAL PROPERTY-OFFICE PROPERTY-OFFICE PROPERTY MARKET
650 _aOFFICES
650 _aREADING
650 _aSLOUGH
650 _aSWINDON
690 _aPROPERTY-COMMERCIAL PROPERTY-COMMERCIAL PROPERTY MARKET
942 _n0
999 _c100502
_d100502